000 00968aab a2200193 i 4500
001 768714001
003 CO-MdFUSB
005 20221116171106.0
008 221116s2002 sp ||||| |||| 00| 0 spa d
040 _bspa
_cCO-MdFUSB
_dCO-MdFUSB
041 _aspa
100 1 _aNieuwenhove, Rik van
_eautor
245 1 0 _aDiversidad y unidad en las escrituras :
_bla perspectiva patrística
_c/ Rik van Nieuwenhove
300 _aNúmero 294 (2002), Páginas 109-117
_c; 21 cm
520 _aLa Biblia cristiana está regida por una dialéctica de unidad y diversidad. Una breve mirada a lo que llamamos NT revela que en realidad contiene diversidad de documentos: evangelios (que contienen relatos a menudo incompatibles de los mismo acontecimientos), una historia (Hechos), cartas (paulinas y no paulinas) y una obra apocalíptica (Apocalipsis).
653 _aPatristica
773 0 _tConcilium
_049450
_960418
_gNúmero 294 (2002), Páginas 109-117
_qPáginas 109
942 _cANA
999 _c49979
_d49979